Languages of the world : (Record no. 82030)

MARC details
000 -LEADER
fixed length control field 01644cam a22003858i 4500
001 - CONTROL NUMBER
control field 23192610
003 - CONTROL NUMBER IDENTIFIER
control field URS
005 - DATE AND TIME OF LATEST TRANSACTION
control field 20250206171824.0
008 - FIXED-LENGTH DATA ELEMENTS--GENERAL INFORMATION
fixed length control field 230620s2023 nyu b 001 0 eng
010 ## - LIBRARY OF CONGRESS CONTROL NUMBER
LC control number 2023028715
020 ## - INTERNATIONAL STANDARD BOOK NUMBER
International Standard Book Number 9781009338660
Qualifying information (hardback)
020 ## - INTERNATIONAL STANDARD BOOK NUMBER
International Standard Book Number 9781009338653
Qualifying information (paperback)
020 ## - INTERNATIONAL STANDARD BOOK NUMBER
Canceled/invalid ISBN 9781009338615
Qualifying information (epub)
040 ## - CATALOGING SOURCE
Original cataloging agency ICU/DLC
Language of cataloging eng
Description conventions rda
Transcribing agency DLC
Modifying agency DLC
042 ## - AUTHENTICATION CODE
Authentication code pcc
050 00 - LIBRARY OF CONGRESS CALL NUMBER
Classification number P53
Item number .P4443 2023
082 00 - DEWEY DECIMAL CLASSIFICATION NUMBER
Classification number 417/.7
Edition number 23/eng/20230816
100 1# - MAIN ENTRY--PERSONAL NAME
Personal name Pereltsvaig, Asya,
Dates associated with a name 1972-
Relator term author.
245 10 - TITLE STATEMENT
Title Languages of the world :
Remainder of title an introduction /
Statement of responsibility, etc. Asya Pereltsvaig.
250 ## - EDITION STATEMENT
Edition statement Fourth edition.
263 ## - PROJECTED PUBLICATION DATE
Projected publication date 2312
264 #1 - PRODUCTION, PUBLICATION, DISTRIBUTION, MANUFACTURE, AND COPYRIGHT NOTICE
Place of production, publication, distribution, manufacture New York :
Name of producer, publisher, distributor, manufacturer Cambridge University Press,
Date of production, publication, distribution, manufacture, or copyright notice 2023.
300 ## - PHYSICAL DESCRIPTION
Extent pages cm
336 ## - CONTENT TYPE
Content type term text
Content type code txt
Source rdacontent
337 ## - MEDIA TYPE
Media type term unmediated
Media type code n
Source rdamedia
338 ## - CARRIER TYPE
Carrier type term volume
Carrier type code nc
Source rdacarrier
504 ## - BIBLIOGRAPHY, ETC. NOTE
Bibliography, etc. note Includes bibliographical references and index.
520 ## - SUMMARY, ETC.
Summary, etc. "Designed for students with no prior experience in linguistics, this is an engaging guide to the rich variety and typology of world languages. This fourth edition has been revised with new problem sets, an updated glossary and index, and new sections, including one on the languages of the Caribbean"--
Assigning source Provided by publisher.
650 #0 - SUBJECT ADDED ENTRY--TOPICAL TERM
Topical term or geographic name entry element Language and languages
General subdivision Study and teaching.
650 #0 - SUBJECT ADDED ENTRY--TOPICAL TERM
Topical term or geographic name entry element Multilingualism.
776 08 - ADDITIONAL PHYSICAL FORM ENTRY
Relationship information Online version:
Main entry heading Pereltsvaig, Asya, 1972-
Title Languages of the world
Edition Fourth edition.
Place, publisher, and date of publication New York : Cambridge University Press, 2023
International Standard Book Number 9781009338615
Record control number (DLC) 2023028716
906 ## - LOCAL DATA ELEMENT F, LDF (RLIN)
a 7
b cbc
c orignew
d 1
e ecip
f 20
g y-gencatlg
942 ## - ADDED ENTRY ELEMENTS (KOHA)
Source of classification or shelving scheme Dewey Decimal Classification
Koha item type Foreign Books
Edition 4th
Holdings
Withdrawn status Source of classification or shelving scheme Damaged status Not for loan Collection code Home library Current library Shelving location Date acquired Total Checkouts Full call number Barcode Date last seen Price effective from Koha item type
  Dewey Decimal Classification     Non-fiction Pililla College Library Pililla College Library Foreign Section 02/06/2025   417.7 P4148 2023 URSPIL-7264 02/06/2025 02/06/2025 Foreign Books

University of Rizal System
Email us at univlibservices@urs.edu.ph

Visit our Website www.urs.edu.ph/library